Normal view
MARC view
Entry Topical Term
001 - CONTROL NUMBER
- control field: 33604
003 - CONTROL NUMBER IDENTIFIER
- control field: ARRUPE
005 - DATE AND TIME OF LATEST TRANSACTION
- control field: 20170727085625.0
008 - FIXED-LENGTH DATA ELEMENTS
- fixed length control field: 170727|| aca||aabn | a|a d
040 ## - CATALOGING SOURCE
- Original cataloging agency: ARRUPE
- Transcribing agency: ARRUPE
150 ## - HEADING--TOPICAL TERM
- Topical term or geographic name as entry element: Analysis (philosophy)
- General subdivision: Phenomenology
670 ## - SOURCE DATA FOUND
- Source citation: Work cat.: (ARRUPE): Dummett, Michael 33603, Origins of analytical philosophy, 1993